| 000 | 00653nam a2200217 i 4500 | ||
|---|---|---|---|
| 001 | bgj | ||
| 100 | 1 | _aEVANS, Joel R. | |
| 245 | 1 | 0 |
_aMarketing / _cJoel R. Evans, Barry Berman. |
| 250 | _a4th edition. | ||
| 260 |
_aNew York ; _aLondon : _bMacmillan Publishing Company : _bCollier Macmillan Publishers, _cc. 1990. |
||
| 300 |
_aXXIX, 780, A79, I30 : _bill. ; _c26 cm. |
||
| 505 | _aIncludes index and bibliographical references. | ||
| 650 | 9 | _aMarketing | |
| 700 | 1 |
_aBERMAN, Barry. _eco-author |
|
| 020 | _a0023344016 | ||
| 040 | _cBPK | ||
| 041 | _aeng | ||
| 920 | _a0-02-334401-6 | ||
| 942 | _cKS | ||
| 008 | s uk f |000 0 eng | ||
| 999 |
_c47625 _d47625 |
||
| 856 |
_uhttp://koha.tu.koszalin.pl/cgi-bin/koha/opac-detail.pl?biblionumber=47625 _yKatalog online BPK |
||